[Event "Trophee Karpov Preliminary 2012"]
[Site "Cap d'Agde FRA"]
[Date "2012.10.26"]
[Round "1"]
[White "Sebag, Marie"]
[Black "Ju, Wenjun"]
[Result "0-1"]
[WhiteTitle "GM"]
[BlackTitle "WGM"]
[WhiteElo "2521"]
[BlackElo "2498"]
[WhiteFideId "617822"]
[BlackFideId "8603006"]
[EventDate "2012.10.26"]

1. e4 c5 2. Nf3 d6 3. d4 cxd4 4. Nxd4 Nf6 5. Nc3 a6 6. Bg5 e6 7. f4 b5 8. e5
dxe5 9. fxe5 Qc7 10. exf6 Qe5+ 11. Be2 Qxg5 12. O-O Ra7 13. Qd3 Rd7 14. Ne4 Qe5
15. Nf3 Qc7 16. Qe3 Bb7 17. c4 b4 18. Rad1 Bxe4 19. fxg7 Bxg7 20. Qxe4 Rxd1 21.
Bxd1 Nd7 22. Kh1 Nc5 23. Qh4 O-O 24. Ng5 h6 25. Nh3 Qd8 26. Qh5 Qd4 27. Nf4 Ne4
28. Qe2 Nd2 29. Rf2 Rd8 30. Bc2 Qxb2 31. Qd1 Qd4 32. Qe1 Qc3 33. Bd3 Nxc4 34.
Qe4 Rxd3 35. Qxd3 Ne3 36. Qd8+ Bf8 0-1

[Event "Trophee Karpov Preliminary 2012"]
[Site "Cap d'Agde FRA"]
[Date "2012.10.26"]
[Round "2"]
[White "Edouard, Romain"]
[Black "Karpov, Anatoly"]
[Result "0-1"]
[WhiteTitle "GM"]
[BlackTitle "GM"]
[WhiteElo "2664"]
[BlackElo "2616"]
[WhiteFideId "633429"]
[BlackFideId "4100026"]
[EventDate "2012.10.26"]

1. d4 Nf6 2. c4 e6 3. Nc3 Bb4 4. e3 c5 5. Bd3 d5 6. Nf3 cxd4 7. exd4 dxc4 8.
Bxc4 O-O 9. O-O b6 10. Bg5 Bb7 11. Re1 Nbd7 12. Rc1 Rc8 13. Bd3 a6 14. a3 Be7
15. Bb1 b5 16. Qd3 Re8 17. Rcd1 Nf8 18. Ne5 N6d7 19. Bxe7 Rxe7 20. Qg3 Nf6 21.
Na2 Qb6 22. Nc1 Bd5 23. Qh4 Rec7 24. Ncd3 Bb3 25. Rd2 Bc2 26. Nc5 Bxb1 27. Rxb1
a5 28. Rd3 Nd5 29. Re1 f6 30. Nf3 Rc6 31. Rdd1 Rd8 32. Qe4 Ne7 33. h4 Rd5 34.
Rd2 h5 35. Nd3 Neg6 36. b4 Rc4 37. bxa5 Qxa5 38. Nb4 Rd6 39. Rd3 Qd8 40. Qb7 Nf4
41. Rde3 Qd7 42. Qa8 Kf7 43. Re4 Nd5 44. Nd3 Qc8 45. Qa5 Qa6 46. Qd2 Qxa3 47.
Nf4 Nxf4 48. Qxf4 Kg8 49. Nd2 Rc1 50. Kh2 Rxe1 51. Rxe1 Rd5 52. Ne4 Qb4 53. Rd1
Qc4 54. Qg3 Kh7 55. Qf3 b4 56. Nc5 Rxd4 57. Qxh5+ Kg8 58. Rxd4 Qxd4 59. f3 Qf4+
60. Kh1 Qf5 61. Qxf5 exf5 62. Kg1 Ne6 63. Nd3 b3 64. Kf2 f4 65. Ke2 Kh7 66. Kd2
Kh6 67. Kc3 Kh5 68. Kxb3 Kxh4 69. Kc4 Kg3 70. Kd5 Ng5 71. Kd6 Nxf3 72. Ke6 Ne5 0-1

[Event "Trophee Karpov Preliminary 2012"]
[Site "Cap d'Agde FRA"]
[Date "2012.10.27"]
[Round "3"]
[White "Goryachkina, Aleksandra"]
[Black "Edouard, Romain"]
[Result "0-1"]
[WhiteTitle "WGM"]
[BlackTitle "GM"]
[WhiteElo "2384"]
[BlackElo "2664"]
[WhiteFideId "4147103"]
[BlackFideId "633429"]
[EventDate "2012.10.26"]

1. d4 e6 2. c4 Nf6 3. g3 c5 4. d5 d6 5. Nc3 exd5 6. cxd5 g6 7. Bg2 Bg7 8. Nf3
O-O 9. O-O Re8 10. Bf4 Ne4 11. Nxe4 Rxe4 12. Nd2 Rb4 13. b3 Bxa1 14. Qxa1 Rxf4
15. gxf4 Nd7 16. Qc3 Nf6 17. a4 b6 18. Nc4 Bf5 19. Rd1 Qe7 20. Ne3 Bd7 21. Qc2
Nh5 22. f5 Nf4 23. Kh1 Qh4 24. Qe4 Re8 25. Qf3 Bxf5 26. Nxf5 gxf5 27. e3 Nxg2
28. Qxg2+ Qg4 29. Rc1 Re5 30. Rd1 Kf8 31. Rd2 Qb4 32. Rd1 Qxb3 33. Rg1 Qxd5 34.
f3 Ke8 35. Qg8+ Kd7 36. e4 fxe4 37. Qg4+ Kc7 0-1

[Event "Trophee Karpov Preliminary 2012"]
[Site "Cap d'Agde FRA"]
[Date "2012.10.27"]
[Round "3"]
[White "Milliet, Sophie"]
[Black "Ju, Wenjun"]
[Result "0-1"]
[WhiteTitle "IM"]
[BlackTitle "WGM"]
[WhiteElo "2421"]
[BlackElo "2498"]
[WhiteFideId "623725"]
[BlackFideId "8603006"]
[EventDate "2012.10.26"]

1. e4 c5 2. c3 d5 3. exd5 Qxd5 4. d4 Nc6 5. Nf3 Bf5 6. Be3 cxd4 7. Nxd4 Nf6 8.
Na3 Nxd4 9. Qxd4 Qxd4 10. Bxd4 e5 11. Bxe5 Bxa3 12. bxa3 O-O-O 13. Bd4 Rhe8+ 14.
Kd2 Ne4+ 15. Kc1 Re6 16. Bd3 Nd6 17. Kd2 Bxd3 18. Kxd3 Ne4 19. Kc2 Nxf2 20. Rhe1
Ne4 21. Re2 g6 22. Bxa7 f5 23. Bd4 Kc7 24. Kb2 Ra8 25. Re3 Rea6 26. g4 Rxa3 27.
gxf5 gxf5 28. Rh3 Nd2 29. Rxh7+ Kc6 30. Rf7 Nc4+ 31. Kc2 b5 32. Rxf5 Rxa2+ 33.
Rxa2 Rxa2+ 34. Kd3 Rd2+ 35. Ke4 Nd6+ 36. Ke3 Rxd4 37. Kxd4 Nxf5+ 38. Kd3 Kd5 39.
h3 Nh4 40. Kc2 Kc4 41. Kb2 0-1

[Event "Trophee Karpov Preliminary 2012"]
[Site "Cap d'Agde FRA"]
[Date "2012.10.27"]
[Round "3"]
[White "Karpov, Anatoly"]
[Black "Ivanchuk, Vassily"]
[Result "1/2-1/2"]
[WhiteTitle "GM"]
[BlackTitle "GM"]
[WhiteElo "2616"]
[BlackElo "2771"]
[WhiteFideId "4100026"]
[BlackFideId "14100010"]
[EventDate "2012.10.26"]

1. d4 Nf6 2. c4 g6 3. Nf3 Bg7 4. g3 c5 5. d5 b5 6. cxb5 a6 7. bxa6 d6 8. Nc3 O-O
9. Bg2 Nbd7 10. O-O Nb6 11. Nd2 Bxa6 12. Qc2 Ra7 13. Rd1 Qa8 14. e4 Nbd7 15. Nf3
Rb8 16. Rb1 Ng4 17. h3 Nge5 18. Nxe5 Nxe5 19. f4 Nd7 20. b3 1/2-1/2

[Event "Trophee Karpov Preliminary 2012"]
[Site "Cap d'Agde FRA"]
[Date "2012.10.27"]
[Round "4"]
[White "Milliet, Sophie"]
[Black "Bauer, Christian"]
[Result "0-1"]
[WhiteTitle "IM"]
[BlackTitle "GM"]
[WhiteElo "2421"]
[BlackElo "2664"]
[WhiteFideId "623725"]
[BlackFideId "603767"]
[EventDate "2012.10.26"]

1. e4 c6 2. d4 d5 3. Nc3 a6 4. Nf3 Bg4 5. h3 Bh5 6. exd5 cxd5 7. g4 Bg6 8. Ne5
Nc6 9. f4 e6 10. Be3 Bb4 11. Bg2 Nf6 12. O-O Bxc3 13. bxc3 Be4 14. Rb1 Qc8 15.
Qc1 Bxg2 16. Kxg2 Ne4 17. Qa3 f6 18. Nd3 h5 19. Nc5 Nd6 20. Qb3 b6 21. Nd3 Na5
22. Qa4+ Qd7 23. Qxd7+ Kxd7 24. f5 exf5 25. gxf5 Nac4 26. Bc1 a5 27. Nf4 Kc6 28.
Ne6 Rae8 29. Nf4 Re4 30. Ng6 Rhe8 31. a4 Re2+ 32. Rf2 Nxf5 33. Rxe2 Rxe2+ 34.
Kf3 Rxc2 0-1

[Event "Trophee Karpov Preliminary 2012"]
[Site "Cap d'Agde FRA"]
[Date "2012.10.27"]
[Round "4"]
[White "Ju, Wenjun"]
[Black "Edouard, Romain"]
[Result "1/2-1/2"]
[WhiteTitle "WGM"]
[BlackTitle "GM"]
[WhiteElo "2498"]
[BlackElo "2664"]
[WhiteFideId "8603006"]
[BlackFideId "633429"]
[EventDate "2012.10.26"]

1. d4 e6 2. c4 Bb4+ 3. Bd2 a5 4. g3 d5 5. cxd5 exd5 6. Bg2 Nf6 7. Nf3 O-O 8. O-O
Re8 9. Nc3 c6 10. Rc1 h6 11. e3 Bf5 12. Na4 Nbd7 13. Re1 Ne4 14. a3 Bd6 15. h3
b5 16. Nc3 Nb6 17. Nxe4 dxe4 18. Ne5 Bxe5 19. dxe5 Rxe5 20. Bc3 Rd5 21. Qc2 Rd3
22. Bd4 Rc8 23. Qc5 Nd5 24. Bf1 Rb3 25. Red1 h5 26. Rd2 a4 27. Rdc2 h4 28. g4
Be6 29. Qa7 Bd7 30. Bg2 Qe8 31. Rd2 Rc7 32. Qc5 Rc8 33. Qd6 f5 34. gxf5 Bxf5 35.
Kh1 Kh7 36. Rdc2 Qe7 37. Qxe7 Nxe7 38. Rc5 Bg6 39. Re5 Rc7 40. Rg1 Ng8 41. Bxe4
Bxe4+ 42. Rxe4 c5 43. Be5 Rf7 44. Reg4 Nf6 45. Bxf6 Rxf6 46. Rxg7+ Kh6 47. Rg8
Kh7 48. R1g7+ Kh6 49. Rg4 Kh7 50. R8g5 Rxb2 51. Rxh4+ Rh6 52. Rxh6+ Kxh6 53.
Rxc5 Rxf2 54. Rxb5 Ra2 55. Kg1 Rxa3 56. Kf2 Ra2+ 57. Kf3 Rh2 58. Kg3 Re2 59. Kf4
Rf2+ 60. Ke5 Rf3 61. e4 Rxh3 62. Rb6+ Kg7 63. Rb7+ Kf8 1/2-1/2

[Event "Trophee Karpov Preliminary 2012"]
[Site "Cap d'Agde FRA"]
[Date "2012.10.27"]
[Round "4"]
[White "Sebag, Marie"]
[Black "Karpov, Anatoly"]
[Result "1/2-1/2"]
[WhiteTitle "GM"]
[BlackTitle "GM"]
[WhiteElo "2521"]
[BlackElo "2616"]
[WhiteFideId "617822"]
[BlackFideId "4100026"]
[EventDate "2012.10.26"]

1. e4 e5 2. Nf3 Nc6 3. Bb5 a6 4. Ba4 Nf6 5. O-O Be7 6. Re1 b5 7. Bb3 d6 8. c3
O-O 9. h3 Bb7 10. d4 Re8 11. Nbd2 Bf8 12. d5 Nb8 13. Nf1 Nbd7 14. N3h2 c6 15.
dxc6 Bxc6 16. Bg5 Qb6 17. Ng3 Qb7 18. Qf3 d5 19. exd5 Bxd5 20. Bxd5 Qxd5 21.
Rad1 Qxa2 22. Ng4 Qe6 23. Bxf6 Nxf6 24. Rxe5 Qb6 25. Nxf6+ Qxf6 26. Qxf6 gxf6
27. Red5 Re5 28. Nf5 b4 29. cxb4 Bxb4 30. Rd8+ Re8 31. Rxa8 Rxa8 32. Rd7 Rb8 33.
Nh6+ Kg7 34. Nxf7 Kg6 35. Nd8 Rb6 36. g4 a5 37. Kg2 h5 38. f4 hxg4 39. hxg4 f5
40. Kf3 a4 41. gxf5+ Kxf5 42. Rf7+ Kg6 43. f5+ Kh6 44. Kg4 Bd2 45. Rb7 Rxb7 46.
Nxb7 Bb4 47. Kf4 Kg7 48. Ke4 Kf6 49. Kd5 1/2-1/2

[Event "Trophee Karpov Preliminary 2012"]
[Site "Cap d'Agde FRA"]
[Date "2012.10.28"]
[Round "5"]
[White "Edouard, Romain"]
[Black "Ivanchuk, Vassily"]
[Result "1/2-1/2"]
[WhiteTitle "GM"]
[BlackTitle "GM"]
[WhiteElo "2664"]
[BlackElo "2771"]
[WhiteFideId "633429"]
[BlackFideId "14100010"]
[EventDate "2012.10.26"]

1. e4 e5 2. Nf3 Nc6 3. Bb5 a6 4. Bxc6 dxc6 5. O-O f6 6. d4 exd4 7. Nxd4 Ne7 8.
Nc3 Ng6 9. Be3 Bb4 10. Nce2 O-O 11. Nf4 Nxf4 12. Bxf4 Bd6 13. Bxd6 Qxd6 14. Ne2
Qe7 15. Nc3 f5 16. Qd4 f4 17. f3 Rd8 18. Qf2 Qb4 19. Rab1 Be6 20. a3 Qa5 21.
Rfd1 Qe5 22. Rd2 Rxd2 23. Qxd2 g5 24. Rd1 Kf7 25. Qd4 Qxd4+ 26. Rxd4 Kf6 27. Kf2
Ke5 28. Rd1 h5 29. b3 h4 1/2-1/2

[Event "Trophee Karpov Preliminary 2012"]
[Site "Cap d'Agde FRA"]
[Date "2012.10.28"]
[Round "5"]
[White "Bauer, Christian"]
[Black "Ju, Wenjun"]
[Result "0-1"]
[WhiteTitle "GM"]
[BlackTitle "WGM"]
[WhiteElo "2664"]
[BlackElo "2498"]
[WhiteFideId "603767"]
[BlackFideId "8603006"]
[EventDate "2012.10.26"]

1. Nf3 Nf6 2. c4 g6 3. b4 Bg7 4. Bb2 O-O 5. g3 b6 6. Bg2 Bb7 7. O-O c5 8. a3 d6
9. d3 Nbd7 10. Nc3 e6 11. Rb1 Qe7 12. Ba1 Bc6 13. Re1 a5 14. bxc5 bxc5 15. e4
Rfc8 16. h3 Ne8 17. Kh2 Rab8 18. Qd2 Qd8 19. Rec1 Rxb1 20. Rxb1 Rb8 21. Rc1 Bd4
22. Nxd4 cxd4 23. Ne2 e5 24. f4 Nc5 25. Rf1 Rb3 26. Nc1 Rb1 27. Qa2 Qb8 28. fxe5
dxe5 29. h4 h5 30. Ne2 Rxf1 31. Bxf1 Nf6 32. Qd2 Ng4+ 33. Kg1 Qb1 34. Bxd4 exd4
35. Nxd4 Qb6 36. Kh1 Bd7 37. Be2 Ne6 38. Bxg4 Qxd4 39. Be2 Qf2 40. Qd1 Nd4 0-1

[Event "Trophee Karpov Preliminary 2012"]
[Site "Cap d'Agde FRA"]
[Date "2012.10.28"]
[Round "5"]
[White "Goryachkina, Aleksandra"]
[Black "Sebag, Marie"]
[Result "0-1"]
[WhiteTitle "WGM"]
[BlackTitle "GM"]
[WhiteElo "2384"]
[BlackElo "2521"]
[WhiteFideId "4147103"]
[BlackFideId "617822"]
[EventDate "2012.10.26"]

1. d4 d5 2. c4 c6 3. Nc3 Nf6 4. e3 e6 5. Nf3 Nbd7 6. Qc2 Bd6 7. Bd3 O-O 8. O-O
dxc4 9. Bxc4 b5 10. Bd3 Bb7 11. e4 e5 12. h3 a6 13. a4 Re8 14. Bg5 h6 15. Be3
exd4 16. Nxd4 Ne5 17. Rfd1 b4 18. Nce2 Nxd3 19. Nf5 Nxe4 20. Rxd3 Qf6 21. Nxd6
Nxd6 22. Bd4 Qf5 23. Ng3 Qg6 24. Bc5 Ne4 25. Nxe4 Rxe4 26. Rad1 Rae8 27. Qd2 Qf5
28. Be3 c5 29. Rd8 Bc6 30. a5 Rxd8 31. Qxd8+ Re8 32. Qd6 Qe4 33. Qg3 Re6 34.
Qb8+ Kh7 35. Qh2 Rg6 36. g3 c4 37. Rc1 Rd6 38. Bf4 Rd3 39. Be3 Rxe3 0-1

[Event "Trophee Karpov Preliminary 2012"]
[Site "Cap d'Agde FRA"]
[Date "2012.10.28"]
[Round "6"]
[White "Bauer, Christian"]
[Black "Karpov, Anatoly"]
[Result "0-1"]
[WhiteTitle "GM"]
[BlackTitle "GM"]
[WhiteElo "2664"]
[BlackElo "2616"]
[WhiteFideId "603767"]
[BlackFideId "4100026"]
[EventDate "2012.10.26"]

1. d4 Nf6 2. Nf3 e6 3. Bf4 Be7 4. h3 c5 5. c3 b6 6. e3 O-O 7. Nbd2 cxd4 8. cxd4
d6 9. Rc1 Qd7 10. a3 Ba6 11. Nc4 Bb7 12. Bd3 Nc6 13. O-O Rfc8 14. Qe2 h6 15. Bh2
b5 16. Ncd2 b4 17. Bb5 bxa3 18. bxa3 Qd8 19. Ba6 Rab8 20. Bd3 Na5 21. e4 Rxc1
22. Rxc1 Rc8 23. Rb1 d5 24. e5 Nd7 25. Ba6 Rb8 26. Bxb7 Rxb7 27. Rxb7 Nxb7 28.
Qa6 Qb6 29. Qa4 Nf8 30. Qd1 Qd8 31. Bf4 Qd7 32. Qe2 Qd8 33. Bh2 Nd7 34. Qa6 Qb6
35. Qa4 Nf8 36. Bf4 Na5 37. Be3 a6 38. Ne1 Qb5 39. Qxb5 axb5 40. Nc2 Nd7 41. Nb1
Nc6 42. Nc3 Na7 43. Bd2 Nb6 44. Na2 Nc4 45. Bb4 Bxb4 46. axb4 f6 47. exf6 gxf6
48. Nc3 Nd6 49. Nb1 Nb7 50. Nd2 Nd8 51. Nb1 Ndc6 52. Nc3 Nb8 53. Nb1 Nbc6 54.
Nd2 Nb8 55. Nb1 Nbc6 56. Nc3 Kf7 57. Na3 h5 58. Kf1 Kg6 59. Ke2 Kg5 60. Kd3 Nc8
61. Ke2 Nd6 62. Kd3 Kf4 63. Nc2 h4 64. Ne2+ Kg5 65. Nc3 Kf5 66. Ne3+ Kf4 67. Nc2
Ne4 68. Nxe4 dxe4+ 69. Kd2 f5 70. Ke2 Kg5 71. Ke3 Ne7 72. Na3 Nd5+ 73. Ke2 Nc7
74. Ke3 Kg6 75. g3 Kg5 76. Ke2 f4 77. g4 Kf6 78. f3 e3 79. Kd3 Kg5 80. Ke2 Kg6
81. Kd3 Kf6 82. Ke2 e5 83. Kd3 Ne6 84. dxe5+ Kxe5 85. Nxb5 Ng5 86. Na3 Nxf3 87.
Nc4+ Kd5 88. Nxe3+ fxe3 89. Kxe3 Ng5 90. b5 Nxh3 91. b6 Kc6 0-1

[Event "Trophee Karpov Preliminary 2012"]
[Site "Cap d'Agde FRA"]
[Date "2012.10.28"]
[Round "6"]
[White "Ju, Wenjun"]
[Black "Ivanchuk, Vassily"]
[Result "1/2-1/2"]
[WhiteTitle "WGM"]
[BlackTitle "GM"]
[WhiteElo "2498"]
[BlackElo "2771"]
[WhiteFideId "8603006"]
[BlackFideId "14100010"]
[EventDate "2012.10.26"]

1. d4 Nf6 2. c4 e5 3. dxe5 Ng4 4. Nf3 Nc6 5. e3 Ngxe5 6. Nxe5 Nxe5 7. Be2 Bb4+
8. Bd2 a5 9. O-O d6 10. Nc3 O-O 11. Nd5 Bc5 12. Bc3 c6 13. Nf4 Qg5 14. Kh1 Bg4
15. Nd3 Bxe2 16. Qxe2 Nxd3 17. Qxd3 f5 18. b3 f4 19. exf4 Rxf4 20. Qd2 Rf5 21.
Qxg5 Rxg5 22. f4 Rf5 23. g4 Rf7 24. Kg2 Re8 25. Rae1 Rxe1 26. Rxe1 Rxf4 27. Re7
g5 28. Rg7+ Kf8 29. Rxh7 Rxg4+ 30. Kf3 Rf4+ 31. Kg3 b6 32. Bd2 Rf2 33. Bxg5 Rxa2
34. Kg4 d5 35. cxd5 cxd5 36. h4 Rb2 37. Kf5 Rxb3 38. h5 Bd4 39. Kg6 Rf3 40. Rd7
Kg8 41. Rxd5 Bb2 42. Be7 Rg3+ 43. Bg5 Rf3 44. Rb5 Bd4 45. Rd5 Bb2 46. Be7 1/2-1/2

[Event "Trophee Karpov Preliminary 2012"]
[Site "Cap d'Agde FRA"]
[Date "2012.10.28"]
[Round "6"]
[White "Milliet, Sophie"]
[Black "Goryachkina, Aleksandra"]
[Result "1/2-1/2"]
[WhiteTitle "IM"]
[BlackTitle "WGM"]
[WhiteElo "2421"]
[BlackElo "2384"]
[WhiteFideId "623725"]
[BlackFideId "4147103"]
[EventDate "2012.10.26"]

1. e4 c5 2. Nf3 d6 3. d4 cxd4 4. Nxd4 Nf6 5. Nc3 a6 6. h3 e6 7. g4 Nc6 8. Be3
Be7 9. g5 Nd7 10. h4 Qc7 11. Qe2 b5 12. a3 Rb8 13. Bg2 Nce5 14. O-O Nc4 15. Bc1
O-O 16. a4 b4 17. Nd1 Bb7 18. b3 Na5 19. Bb2 Rfc8 20. Ne3 Nc5 21. Ng4 e5 22. Nf5
Ne6 23. f4 Bf8 24. fxe5 Qxc2 25. Qf3 Ra8 26. Qd1 Nd4 27. Nxd4 Nc6 28. Qe2 Rab8
29. Bc1 Na5 30. Bb2 Be7 31. Nf5 Bf8 32. Qf3 Qxb3 33. Nfh6+ Kh8 34. Nxf7+ Kg8 35.
Qxb3 Nxb3 36. exd6 Nxa1 37. Bxa1 Be7 38. Ne3 Bf8 39. Ng4 Rc2 40. Nfh6+ Kh8 41.
Nf7+ Kg8 42. Nfh6+ Kh8 43. Nf7+ Kg8 1/2-1/2

[Event "Trophee Karpov Preliminary 2012"]
[Site "Cap d'Agde FRA"]
[Date "2012.10.28"]
[Round "6"]
[White "Sebag, Marie"]
[Black "Edouard, Romain"]
[Result "1-0"]
[WhiteTitle "GM"]
[BlackTitle "GM"]
[WhiteElo "2521"]
[BlackElo "2664"]
[WhiteFideId "617822"]
[BlackFideId "633429"]
[EventDate "2012.10.26"]

1. e4 c6 2. d4 d5 3. e5 Bf5 4. Nf3 e6 5. Be2 Ne7 6. O-O c5 7. c4 Nbc6 8. Na3 a6
9. dxc5 d4 10. Bd3 Bxd3 11. Qxd3 Ng6 12. Re1 Bxc5 13. Nc2 O-O 14. Bd2 a5 15. Re4
f5 16. exf6 Qxf6 17. Qe2 Nge5 18. Nce1 d3 19. Nxd3 Nxf3+ 20. Qxf3 Qxf3 21. gxf3
Rad8 22. Be3 Bxe3 23. Rxe3 Nd4 24. Ne1 Rf6 25. Kf1 Rh6 26. Rd1 Rxh2 27. f4 Rh4
28. Red3 e5 29. fxe5 Kf7 30. Kg2 Ke7 31. Nf3 Rg4+ 32. Kh3 Nxf3 33. Rxd8 h5 34.
R8d3 Ng5+ 35. Kh2 Rxc4 36. Rd7+ Ke6 37. Rxg7 Rg4 38. Rxb7 Nf3+ 39. Kh1 1-0

[Event "Trophee Karpov Preliminary 2012"]
[Site "Cap d'Agde FRA"]
[Date "2012.10.29"]
[Round "7"]
[White "Goryachkina, Aleksandra"]
[Black "Bauer, Christian"]
[Result "0-1"]
[WhiteTitle "WGM"]
[BlackTitle "GM"]
[WhiteElo "2384"]
[BlackElo "2664"]
[WhiteFideId "4147103"]
[BlackFideId "603767"]
[EventDate "2012.10.26"]

1. d4 a6 2. g3 e6 3. Bg2 c5 4. Nf3 cxd4 5. Nxd4 Qc7 6. O-O Nf6 7. b3 d5 8. Bb2
e5 9. Nf3 Nc6 10. Nbd2 Be7 11. e3 Bg4 12. h3 Bh5 13. g4 Bg6 14. Nh4 Rd8 15. Rc1
O-O 16. Nxg6 hxg6 17. Qe2 Nb4 18. a3 Na2 19. Rcd1 Qxc2 20. Bxe5 Bxa3 21. Qf3 Bb2
22. Bxb2 Qxb2 23. g5 Nh7 24. Nb1 Nxg5 25. Qf4 Ne4 26. Bxe4 dxe4 27. Rxd8 Rxd8
28. Qc7 Rd5 29. Qc4 Rg5+ 30. Kh1 Qe5 31. Rg1 Rf5 32. Rg4 Qb5 33. Qc8+ Kh7 34.
Rh4+ Rh5 35. Rxh5+ gxh5 36. Kg2 Qxb3 37. Qf5+ g6 38. Qxe4 Nb4 39. Qxb7 Qd5+ 40.
Qxd5 Nxd5 41. Kf3 Kg7 42. Ke4 Nb4 43. Na3 a5 44. Kd4 g5 45. f3 Kg6 46. e4 Kf6
47. Kc5 Nd3+ 48. Kd4 Nf4 49. Nc4 a4 50. e5+ Ke6 51. Ke4 Nxh3 52. Kd4 0-1

[Event "Trophee Karpov Preliminary 2012"]
[Site "Cap d'Agde FRA"]
[Date "2012.10.29"]
[Round "7"]
[White "Karpov, Anatoly"]
[Black "Ju, Wenjun"]
[Result "1/2-1/2"]
[WhiteTitle "GM"]
[BlackTitle "WGM"]
[WhiteElo "2616"]
[BlackElo "2498"]
[WhiteFideId "4100026"]
[BlackFideId "8603006"]
[EventDate "2012.10.26"]

1. Nf3 Nf6 2. c4 g6 3. g3 Bg7 4. Bg2 O-O 5. d4 d6 6. O-O Nbd7 7. Nc3 e5 8. e4 a6
9. h3 b5 10. cxb5 axb5 11. Qb3 c6 12. dxe5 dxe5 13. Be3 Qa5 14. a3 Bb7 15. Rfd1
Rfe8 16. Rac1 Nb6 17. Bf1 Ba6 18. Qb4 Qxb4 19. axb4 Na4 20. Nxa4 bxa4 21. Bxa6
Rxa6 22. Rc4 Bf8 23. Bc5 Bxc5 24. bxc5 Rb8 25. Rd2 Re8 26. Rd6 Kg7 27. Rb4 Re7
28. Rb6 Ra5 29. Rbxc6 Nxe4 30. Rd5 Rb5 31. Nd2 Nf6 32. Rdd6 Rxb2 33. Ra6 Rc2 34.
Rxf6 Rxd2 35. Rfd6 Rxd6 36. cxd6 Rd7 37. h4 Kf6 38. Kg2 Ke6 39. Rxa4 Rxd6 40. f4
f6 41. fxe5 fxe5 42. g4 Rd4 43. Ra6+ Kd5 44. Kg3 Rd3+ 45. Kg2 Ke4 46. Ra7 Kf4
47. g5 Rd2+ 48. Kf1 Rh2 49. Rxh7 e4 50. h5 gxh5 51. g6 Rh4 52. g7 Rg4 53. Rxh5
Rxg7 54. Rh3 Rg6 1/2-1/2

[Event "Trophee Karpov Preliminary 2012"]
[Site "Cap d'Agde FRA"]
[Date "2012.10.29"]
[Round "7"]
[White "Edouard, Romain"]
[Black "Milliet, Sophie"]
[Result "1-0"]
[WhiteTitle "GM"]
[BlackTitle "IM"]
[WhiteElo "2664"]
[BlackElo "2421"]
[WhiteFideId "633429"]
[BlackFideId "623725"]
[EventDate "2012.10.26"]

1. d4 Nf6 2. c4 c5 3. d5 b5 4. cxb5 a6 5. e3 g6 6. Nc3 Bg7 7. a4 O-O 8. e4 Bb7
9. e5 Ne8 10. Nf3 d6 11. Bf4 Nd7 12. exd6 Nxd6 13. bxa6 Bxa6 14. Bxa6 Rxa6 15.
O-O Qb6 16. Qe2 Nf5 17. Nb5 Nf6 18. Rfd1 Nd6 19. Bxd6 exd6 20. Qd3 Ng4 21. Nd2
c4 22. Qe2 Ne5 23. Nxc4 Nxc4 24. Qxc4 Raa8 25. Ra2 Rac8 26. Qd3 Rfe8 27. b3 Re5
28. Re2 Rxe2 29. Qxe2 Qc5 30. g3 Qb4 31. Qd3 Be5 32. Kg2 Kg7 33. Rd2 h5 34. Rc2
Rxc2 35. Qxc2 h4 36. Qc4 Qd2 37. gxh4 g5 38. hxg5 Qxg5+ 39. Kf3 Qf5+ 40. Ke3
Qg5+ 41. f4 Qg1+ 42. Kf3 Qh1+ 43. Kg3 Qg1+ 44. Kh3 Qe3+ 45. Kg2 Qd2+ 46. Kf3
Qd1+ 47. Ke3 Qe1+ 48. Kf3 Qd1+ 49. Ke3 Qe1+ 50. Qe2 Qc1+ 51. Kd3 Qb1+ 52. Kc4
Qc1+ 53. Kd3 Qb1+ 54. Kc4 Qc1+ 55. Kb4 Qc5+ 56. Ka5 Bc3+ 57. Ka6 Qc8+ 58. Kb6
Qb8+ 59. Kc6 Qa8+ 60. Kd7 Qb7+ 61. Nc7 Qxb3 62. Qb5 Qc2 63. Ne8+ Kh6 64. Nxd6
Qxh2 65. Qd3 Bf6 66. Nxf7+ Kg7 67. Ng5 Qb2 68. Qh7+ 1-0

[Event "Trophee Karpov Preliminary 2012"]
[Site "Cap d'Agde FRA"]
[Date "2012.10.29"]
[Round "8"]
[White "Ju, Wenjun"]
[Black "Sebag, Marie"]
[Result "1-0"]
[WhiteTitle "WGM"]
[BlackTitle "GM"]
[WhiteElo "2498"]
[BlackElo "2521"]
[WhiteFideId "8603006"]
[BlackFideId "617822"]
[EventDate "2012.10.26"]

1. d4 d5 2. c4 c6 3. Nf3 Nf6 4. e3 Bf5 5. Nc3 e6 6. Nh4 Be4 7. f3 Bg6 8. Qb3 Qc7
9. Bd2 Be7 10. g3 Nbd7 11. Rc1 dxc4 12. Bxc4 a6 13. a4 O-O 14. Nxg6 hxg6 15. O-O
Rad8 16. Ne4 Nd5 17. Kg2 a5 18. Nf2 Nb4 19. Nd3 Nxd3 20. Bxd3 Nf6 21. Bc4 Rfe8
22. Rfd1 Bf8 23. Be1 Nd5 24. e4 Nb4 25. Bf2 Rd7 26. d5 exd5 27. exd5 Red8 28.
dxc6 Rxd1 29. Rxd1 Rxd1 30. Qxd1 Qxc6 31. b3 Qc7 32. Qd4 Nc6 33. Qe4 Qd7 34.
Qxg6 Ne5 35. Qe4 Nxc4 36. Qxc4 Bb4 37. h4 g6 38. g4 Bf8 39. Qd4 Qc7 40. Qb6 Qf4
41. Qd8 Qc1 42. Qxa5 Qc2 43. Qb6 Be7 44. g5 Qc8 45. Qd4 Bf8 46. b4 Bg7 47. Qc5
Qd7 48. a5 Bf8 49. Qb6 Be7 50. b5 Bd8 51. Qd4 Qc8 52. a6 b6 53. Qd5 1-0

[Event "Trophee Karpov Preliminary 2012"]
[Site "Cap d'Agde FRA"]
[Date "2012.10.29"]
[Round "8"]
[White "Edouard, Romain"]
[Black "Bauer, Christian"]
[Result "0-1"]
[WhiteTitle "GM"]
[BlackTitle "GM"]
[WhiteElo "2664"]
[BlackElo "2664"]
[WhiteFideId "633429"]
[BlackFideId "603767"]
[EventDate "2012.10.26"]

1. e4 e6 2. d4 d5 3. e5 c5 4. c3 Nc6 5. Nf3 Qb6 6. a3 c4 7. g3 Na5 8. Nbd2 Bd7
9. Bg2 Ne7 10. O-O h6 11. h4 Nc8 12. h5 Be7 13. Ne1 Qc7 14. Qg4 Bf8 15. Nc2 Ne7
16. Ne3 O-O-O 17. Qh4 Kb8 18. Bh3 Bc8 19. f4 Nf5 20. Nxf5 exf5 21. g4 Be7 22.
Qg3 g6 23. Kh2 Rdg8 24. Qf3 Qc6 25. gxf5 gxf5 26. Rg1 Rxg1 27. Kxg1 Rg8+ 28. Kh2
Qa4 29. Qe2 Qc2 30. Bf1 Rg4 31. Nf3 Qe4 32. Be3 Bh4 33. Nxh4 Rxh4+ 34. Kg3 Qh1
35. Bg2 Qh2+ 36. Kf2 Rh3 37. Re1 Be6 38. Kf1 Rxh5 39. Qf3 Qh4 40. Ke2 Qg4 41.
Rh1 Rxh1 42. Qxg4 fxg4 43. Bxh1 h5 44. f5 Bxf5 45. Bxd5 Bg6 46. Bf4 Kc8 47. e6
fxe6 48. Bxe6+ Kd8 49. Bd6 Be4 50. d5 Nb3 51. Bf8 g3 52. d6 Nc5 53. Be7+ Ke8 54.
Bh3 Bc6 55. Bh4 g2 56. d7+ Nxd7 57. Bxd7+ Kxd7 58. Kf2 Ke6 59. Bg5 Kf5 60. Be3
a6 61. Ke2 h4 62. Bg1 Ke4 63. Bh2 h3 64. Bg1 Be8 65. Bh2 Bh5+ 66. Kf2 Be8 67.
Ke2 Bh5+ 68. Kf2 Bd1 69. Kg3 Kd3 70. Kxh3 Kc2 71. Kxg2 Kxb2 72. Kf2 Kxc3 73. Ke3
b5 74. Bd6 Bh5 75. Bb4+ Kb3 76. Kd2 Kb2 77. a4 Kb3 78. axb5 Kxb4 79. bxa6 Bf3 0-1